000 00435nam a2200157Ia 4500
008 151021s9999 xx 000 0 und d
020 _a78096921
050 _aQH 315.H634 2013
245 _a_Biology The Essentials / Marielle Hoefnagels
260 _aNew York : McGraw Hill, 2013
300 _axv,662 p.
500 _aIncludes index
500 _aIncludes index
650 _a_Biology
980 _a^d20130528 01:01:10^oanne
999 _c13830
_d13830